| 000 | 00345nam a22001337a 4500 | ||
|---|---|---|---|
| 999 |
_c532205 _d532205 |
||
| 003 | NUST | ||
| 038 | _aM.Ramzan | ||
| 082 |
_a624.1821 _bGHO |
||
| 100 |
_aGhosh, Karuna Moy. _925575 |
||
| 245 | _aAnalysis and design practice of steel structures / | ||
| 260 |
_aNew Delhi: _bPHI Learning Private, _c2010. |
||
| 300 | _a209 P, : | ||
| 942 |
_2ddc _cBK |
||